|
|
|
|
| LEADER |
01696nam a2200457 i 4500 |
| 001 |
nkc20172884944 |
| 003 |
CZ PrNK |
| 005 |
20170714090529.0 |
| 007 |
ta |
| 008 |
170310s2017 xr a g 000 0 cze |
| 020 |
|
|
|a 978-80-256-1987-2
|q (brožováno)
|
| 040 |
|
|
|a BOA001
|b cze
|e rda
|
| 041 |
1 |
|
|a cze
|h eng
|
| 072 |
|
7 |
|a 79
|x Rekreace. Volný čas. Zábava. Hry. Sport
|2 Konspekt
|9 20
|
| 080 |
|
|
|a 613.86
|2 MRF
|
| 080 |
|
|
|a 79
|2 MRF
|
| 080 |
|
|
|a (084.053.2)
|2 MRF
|
| 100 |
1 |
|
|a Gilbert, Elizabeth T.
|7 mzk2017954929
|4 aut
|4 ill
|
| 240 |
1 |
0 |
|a Colour by number - animals.
|l Česky
|
| 245 |
1 |
0 |
|a Zvířata :
|b vybarvujeme podle čísel : 30+ zábavných relaxačních omalovánek, založených na vybarvování podle čísel /
|c napsala a graficky upravila Elizabeth T. Gilbert
|
| 246 |
1 |
8 |
|a Vybarvujeme podle čísel zvířata
|
| 250 |
|
|
|a První české vydání
|
| 264 |
|
1 |
|a Praha :
|b Svojtka & Co.,
|c 2017
|
| 300 |
|
|
|a 111 stran :
|b ilustrace (některé barevné) ;
|c 28 cm
|
| 336 |
|
|
|a text
|b txt
|2 rdacontent
|
| 336 |
|
|
|a statický obraz
|b sti
|2 rdacontent
|
| 337 |
|
|
|a bez média
|b n
|2 rdamedia
|
| 338 |
|
|
|a svazek
|b nc
|2 rdacarrier
|
| 500 |
|
|
|a Z angličtiny přeložila Ivana Hrdličková
|
| 650 |
0 |
7 |
|a relaxace
|7 ph125108
|2 czenas
|
| 650 |
0 |
7 |
|a volný čas
|7 ph127235
|2 czenas
|
| 650 |
0 |
9 |
|a relaxation
|2 eczenas
|
| 650 |
0 |
9 |
|a leisure
|2 eczenas
|
| 655 |
|
7 |
|a omalovánky
|7 fd182999
|2 czenas
|
| 655 |
|
9 |
|a colouring books
|2 eczenas
|
| 700 |
1 |
|
|a Hrdličková, Ivana
|7 xx0088124
|4 trl
|
| 910 |
2 |
|
|a BOA001
|b 3-1389.311
|
| 990 |
|
|
|a BK
|
| 995 |
|
|
|a 11
|
| 991 |
|
|
|b 201706
|c NOV
|
| 996 |
6 |
|
|b 2610709742
|c 3-1389.311
|l MZK
|r Sklad / do 1 hodiny
|n 0
|p p.v.
|w 001614831
|u 000010
|a 1
|e BOA001
|j MZK50
|s P
|